Catálogo público

Análisis y reflexiones sobre las existencias de ganado porcino, ovino y caprino: VII Censo Agropecuario, 1991 / (Record no. 169247)

MARC details
000 -CABECERA
campo de control de longitud fija 00943nam a2200289Ia 4500
001 - NÚMERO DE CONTROL
campo de control Z_6031
003 - IDENTIFICADOR DEL NÚMERO DE CONTROL
campo de control CHAP
008 - DATOS DE LONGITUD FIJA--INFORMACIÓN GENERAL
campo de control de longitud fija 220113sc199 xx 000 0 und d
010 ## - NÚMERO DE CONTROL DE LA BIBLIOTECA DEL CONGRESO
Número de control de LC 169247
020 ## - NÚMERO INTERNACIONAL ESTÁNDAR DEL LIBRO
Número Internacional Estándar del Libro 970-13-0573-6
040 ## - FUENTE DE LA CATALOGACIÓN
Centro/agencia transcriptor CHAP
082 ## - NÚMERO DE LA CLASIFICACIÓN DECIMAL DEWEY
Número de clasificación 338.17640210972 I543
110 ## - ENTRADA PRINCIPAL--NOMBRE DE ENTIDAD CORPORATIVA
Nombre de entidad corporativa o nombre de jurisdicción como elemento de entrada INEGI (Instituto Nacional de Estadística, Geografía e Informática)
9 (RLIN) 138919
245 ## - MENCIÓN DE TÍTULO
Título Análisis y reflexiones sobre las existencias de ganado porcino, ovino y caprino: VII Censo Agropecuario, 1991 /
Mención de responsabilidad, etc. INEGI; Colegio de Postgraduados
260 ## - PUBLICACIÓN, DISTRIBUCIÓN, ETC.
Lugar de publicación, distribución, etc. México :
Nombre del editor, distribuidor, etc. INEGI; Colegio de Postgraduados,
Fecha de publicación, distribución, etc. c199
300 ## - DESCRIPCIÓN FÍSICA
Extensión xxiv, 115 p.
503 ## - NOTA DE HISTORIA BIBLIOGRÁFICA (BK CF MU) [OBSOLETO]
Nota de historia bibliográfica ej.1:
504 ## - NOTA DE BIBLIOGRAFÍA, ETC.
Nota de bibliografía, etc. Incluye índice de cuadros y gráficas
650 ## - PUNTO DE ACCESO ADICIONAL DE MATERIA--TÉRMINO DE MATERIA
Término de materia o nombre geográfico como elemento de entrada Ganado, Cría de
Subdivisión general México
-- Estadística
9 (RLIN) 143756
710 ## - PUNTO DE ACCESO ADICIONAL--NOMBRE DE ENTIDAD CORPORATIVA
Nombre de entidad corporativa o nombre de jurisdicción como elemento de entrada I. INEGI II. Colegio de Postgraduados
9 (RLIN) 143757
901 ## - ELEMENTOS DE DATOS A LOCAL LDA (RLIN)
a 338.17640210972 I543
902 ## - ELEMENTOS DE DATOS B LOCAL, LDB (RLIN)
a M
910 ## - DATOS DE OPCIÓN DEL USUARIO (OCLC)
Datos de opción del usuario c199
942 ## - ELEMENTOS DE PUNTO DE ACCESO ADICIONAL (KOHA)
Tipo de ítem Koha Libro_
942 ## - ELEMENTOS DE PUNTO DE ACCESO ADICIONAL (KOHA)
Tipo de ítem Koha
Holdings
Estado de retiro Estado de pérdida Fuente del sistema de clasificación o colocación Estado dañado No para préstamo Código de colección Localización permanente Ubicación/localización actual Ubicación en estantería Fecha de adquisición Código de barras Fecha visto por última vez Número de copia Precio válido a partir de Tipo de ítem Koha
    Dewey Decimal Classification     General Zootecnia Zootecnia   19/10/2011 z_1463 18/01/2022 1 18/01/2022 Libro